000 00457nam a2200169 a 4500
001 0000-8557
003 ELIB.Books
008 110520 1957
035 _a(ELIB.Books)0000-8703
082 _a268
_bBut
100 _aButt, Elsie Miller
245 _aThe Vacation Church School in Christian Education
260 _bNashville: Abingdon Press
_c1957
650 _aChristian Education
942 _2ddc
_cBK
998 _cbat
_e2011-05-20
999 _c8557
_d8557